[Event "10th EICC"]
[Site "Budva MNE"]
[Date "2009.03.08"]
[Round "3"]
[White "Safarli,E"]
[Black "Ferguson,M"]
[Result "1-0"]
[WhiteElo "2564"]
[BlackElo "2404"]
[EventDate "2009.03.06"]

1. e4 e5 2. Nf3 Nc6 3. Bb5 a6 4. Ba4 Nf6 5. Qe2 b5 6. Bb3 Be7 7. O-O O-O 8.
c3 d6 9. Rd1 Na5 10. Bc2 c5 11. d3 Nc6 12. Nbd2 Nh5 13. Nf1 g6 14. Bb3 Bf6
15. Bd5 Qc7 16. d4 Rb8 17. Bh6 Re8 18. dxc5 dxc5 19. Ng5 Nd8 20. Ne3 Ne6
21. h4 Nxg5 22. hxg5 Bg7 23. Qd3 Bxh6 24. gxh6 Qe7 25. g3 Nf6 1-0

[Event "10th EICC"]
[Site "Budva MNE"]
[Date "2009.03.08"]
[Round "3"]
[White "Ruck,R1"]
[Black "Kojovic,D"]
[Result "1-0"]
[WhiteElo "2558"]
[BlackElo "2403"]
[EventDate "2009.03.06"]

1. Nf3 Nf6 2. c4 g6 3. Nc3 d5 4. Qa4+ Bd7 5. Qb3 dxc4 6. Qxc4 a6 7. g3 b5
8. Qb3 Nc6 9. Bg2 Bg7 10. O-O O-O 11. d4 Be6 12. Qd1 Rb8 13. Bg5 h6 14.
Bxf6 Bxf6 15. e3 Bf5 16. Rc1 Na5 17. b3 Rc8 18. e4 Bg4 19. e5 Bg5 20. Rc2
e6 21. Ne4 Bf5 22. Nfxg5 hxg5 23. Nf6+ Kg7 24. Rd2 g4 25. f3 gxf3 26. Qxf3
g5 27. Qe3 Bg6 28. Qxg5 Rh8 29. h4 Kf8 30. d5 exd5 31. Rxd5 Qe7 32. Rd7
Qc5+ 33. Kh2 Nc6 34. Rxf7+ Kxf7 35. Nd7+ 1-0

[Event "10th EICC"]
[Site "Budva MNE"]
[Date "2009.03.08"]
[Round "3"]
[White "Berbatov,K"]
[Black "Minasian,Art"]
[Result "0-1"]
[WhiteElo "2392"]
[BlackElo "2557"]
[EventDate "2009.03.06"]

1. e4 g6 2. d4 Bg7 3. Nc3 c6 4. Be3 d5 5. Qd2 dxe4 6. Nxe4 Nd7 7. c4 Ngf6
8. Nxf6+ Nxf6 9. Nf3 Ne4 10. Qb4 O-O 11. Be2 a5 12. Qa3 Bg4 13. O-O Nd6 14.
Qd3 b5 15. b3 Bf5 16. Qd1 Ne4 17. Rc1 b4 18. Bd3 Nc3 19. Rxc3 bxc3 20. Bxf5
gxf5 21. Qc2 e6 22. Qxc3 c5 23. Ne5 f4 24. Bxf4 cxd4 25. Qg3 f6 26. Ng4 Kh8
27. Bd6 Rg8 28. c5 Qe8 29. f4 Qg6 30. Qf3 Rae8 31. h3 e5 32. Qd5 h5 33. Nf2
Kh7 34. c6 Bh6 35. fxe5 fxe5 36. Nh1 Be3+ 37. Kh2 Bf4+ 38. Rxf4 exf4 39.
Bxf4 h4 40. Nf2 Qg3+ 0-1

[Event "10th EICC"]
[Site "Budva MNE"]
[Date "2009.03.08"]
[Round "3"]
[White "Schmidt,Rau"]
[Black "Milanovic,Da"]
[Result "1/2-1/2"]
[WhiteElo "2382"]
[BlackElo "2552"]
[EventDate "2009.03.06"]

1. Nf3 Nf6 2. c4 c5 3. Nc3 b6 4. g3 Bb7 5. Bg2 g6 6. O-O Bg7 7. d4 cxd4 8.
Qxd4 d6 9. Rd1 Nbd7 10. b3 Rc8 11. Bb2 O-O 12. Rac1 Rc5 13. b4 Ne4 14. Qd3
Rc7 15. Na4 Bxb2 16. Nxb2 Qa8 17. Bh3 Nef6 18. Nd4 a6 19. Nb3 a5 20. c5
bxc5 21. Nxa5 Ne5 22. Qd2 Bf3 23. Bf1 Ra7 24. Nac4 Nxc4 25. Nxc4 Bc6 26.
bxc5 Ne4 27. Qe3 Nxc5 28. Nxd6 Ba4 29. Qxc5 Bxd1 30. Nc8 Rxc8 31. Qxc8+
Qxc8 32. Rxc8+ Kg7 33. Rd8 Bc2 34. Rd2 Bb1 35. Rd1 Bxa2 36. Ra1 Ra4 37. Bg2
Bb3 38. Rxa4 Bxa4 1/2-1/2

[Event "10th EICC"]
[Site "Budva MNE"]
[Date "2009.03.08"]
[Round "3"]
[White "Chudinovskikh,A"]
[Black "Evdokimov,Alexa"]
[Result "0-1"]
[WhiteElo "2379"]
[BlackElo "2545"]
[EventDate "2009.03.06"]

1. e4 c5 2. Nf3 Nc6 3. Bb5 g6 4. O-O Bg7 5. Re1 Nf6 6. e5 Nd5 7. b3 O-O 8.
Bb2 Nc7 9. Bxc6 dxc6 10. d3 Be6 11. Nbd2 b6 12. a4 Bd5 13. a5 Qd7 14. axb6
axb6 15. Rxa8 Rxa8 16. Nc4 Ra6 17. Ne3 Bh6 18. h3 Ra2 19. Nxd5 cxd5 20. Qb1
Ra8 21. Bc1 Bxc1 22. Qxc1 Ne6 23. Qh6 Ra2 24. Re2 Qc7 25. Ng5 Nxg5 26. Qxg5
Kg7 27. f4 h6 28. Qh4 c4 29. bxc4 dxc4 30. d4 Qd7 31. Qf2 b5 32. c3 Rxe2
33. Qxe2 Qf5 34. Qd2 e6 35. g4 Qb1+ 36. Kf2 Qh1 37. Qe3 Qd1 38. Qe2 Qc1 39.
Qf3 Qd2+ 40. Kg3 b4 41. cxb4 c3 42. f5 Qe1+ 43. Kg2 gxf5 44. gxf5 exf5 45.
Qc6 c2 46. Qf6+ Kg8 47. e6 Qe4+ 0-1

[Event "10th EICC"]
[Site "Budva MNE"]
[Date "2009.03.08"]
[Round "3"]
[White "Savic,Miod1"]
[Black "Reutsky,S"]
[Result "1/2-1/2"]
[WhiteElo "2525"]
[BlackElo "2381"]
[EventDate "2009.03.06"]

1. e4 e6 2. d4 d5 3. e5 c5 4. c3 Nc6 5. Nf3 Qb6 6. Be2 Nge7 7. b3 cxd4 8.
cxd4 Nf5 9. Bb2 Bb4+ 10. Kf1 O-O 11. g4 Nh6 12. Rg1 f6 13. exf6 Rxf6 14. g5
Rxf3 15. Bxf3 Nf5 16. Rg4 Bd7 17. g6 hxg6 18. Kg1 Rf8 19. Bg2 Bd6 20. h3
Nh6 21. Rxg6 Ne7 22. Rg5 Bf4 23. Rh5 Qc7 24. Qe2 Ng6 25. Kh1 Bd6 26. Rg5
Nf4 27. Qd2 1/2-1/2

[Event "10th EICC"]
[Site "Budva MNE"]
[Date "2009.03.08"]
[Round "3"]
[White "Berczes,D"]
[Black "Lamoureux,C"]
[Result "1-0"]
[WhiteElo "2513"]
[BlackElo "2374"]
[EventDate "2009.03.06"]

1. Nf3 Nf6 2. c4 e6 3. g3 d5 4. Bg2 Be7 5. O-O O-O 6. b3 c5 7. e3 Nc6 8.
Bb2 b6 9. Nc3 Ba6 10. d3 Rc8 11. Qe2 Qc7 12. a3 Rfd8 13. Rac1 Qb8 14. Rfd1
Na5 15. Qc2 d4 16. exd4 cxd4 17. Nb1 Nc6 18. b4 b5 19. Nbd2 e5 20. Re1 Nd7
21. Qb1 Bf8 22. Qa2 Nb6 23. Ng5 Rc7 24. Bxc6 Rxc6 25. cxb5 Bxb5 26. Rxc6
Bxc6 27. Qxf7+ Kh8 28. Qf5 g6 29. Qf6+ Bg7 30. Qxd8+ Qxd8 31. Nf7+ Kg8 32.
Nxd8 Bd5 33. Ne4 Kf8 34. Nc5 Bf6 35. Nde6+ Kf7 36. Nc7 Bf3 37. a4 1-0

[Event "10th EICC"]
[Site "Budva MNE"]
[Date "2009.03.08"]
[Round "3"]
[White "Prohaszka,P2"]
[Black "Onoprienko,V"]
[Result "1-0"]
[WhiteElo "2512"]
[BlackElo "2372"]
[EventDate "2009.03.06"]

1. d4 Nf6 2. c4 g6 3. Nc3 Bg7 4. e4 O-O 5. Bd3 d6 6. Nge2 Nc6 7. O-O Nh5 8.
Bc2 e5 9. d5 Nb4 10. Bb1 a5 11. Be3 Na6 12. a3 Bd7 13. Bc2 f5 14. exf5 gxf5
15. Ng3 Nxg3 16. fxg3 Nc5 17. Rb1 Qe8 18. b3 b6 19. Qd2 Qh5 20. b4 axb4 21.
axb4 Na4 22. Nb5 Bxb5 23. cxb5 e4 24. Bd1 Qe8 25. Rc1 Qxb5 26. Rxc7 Qd3 27.
Rxg7+ Kxg7 28. Bh6+ Kg8 29. Qxd3 exd3 30. Bxf8 1-0

[Event "10th EICC"]
[Site "Budva MNE"]
[Date "2009.03.08"]
[Round "3"]
[White "Cebalo,M"]
[Black "Ogloblin,N"]
[Result "1-0"]
[WhiteElo "2509"]
[BlackElo "2362"]
[EventDate "2009.03.06"]

1. d4 e6 2. c4 Nf6 3. Nc3 Bb4 4. f3 d5 5. a3 Bxc3+ 6. bxc3 c6 7. e3 O-O 8.
Nh3 Re8 9. Nf2 e5 10. Be2 Qc7 11. O-O Be6 12. cxd5 cxd5 13. dxe5 Qxe5 14.
Rb1 Qc7 15. Bb2 Nbd7 16. Rc1 Qb6 17. Rc2 Qxe3 18. c4 dxc4 19. Bxc4 Bxc4 20.
Rxc4 Ne5 21. Rc3 Qb6 22. Rb3 Qa6 23. Re1 Rad8 24. Qa1 Nc4 25. Bxf6 Qxf6 26.
Rxb7 Re2 27. Qc1 Qg5 28. h4 Qh6 1-0

[Event "10th EICC"]
[Site "Budva MNE"]
[Date "2009.03.08"]
[Round "3"]
[White "Nyzhnyk,I"]
[Black "Zolotukhin,V"]
[Result "1-0"]
[WhiteElo "2504"]
[BlackElo "2358"]
[EventDate "2009.03.06"]

1. d4 Nf6 2. c4 c5 3. d5 b5 4. cxb5 a6 5. f3 axb5 6. e4 Qa5+ 7. Bd2 b4 8.
Na3 e6 9. Nc4 Qc7 10. Bg5 Ba6 11. Qd2 Bxc4 12. Bxc4 Bd6 13. Ne2 Be5 14. Rd1
O-O 15. Bh4 exd5 16. Bxd5 Nxd5 17. Qxd5 Nc6 18. Bg3 Bxg3+ 19. hxg3 Qa5 20.
Kf2 Qxa2 21. Qxd7 Rac8 22. Qf5 h6 23. Qxc5 Qxb2 24. Rb1 Qf6 25. Rhd1 Rfd8
26. Rbc1 b3 27. Rxd8+ Qxd8 28. Qb5 Rb8 29. Qxc6 b2 30. Rb1 Qd3 31. Qc7 Rb3
32. Qc8+ Kh7 33. Qf5+ Kg8 34. Qd5 Qxb1 35. Qxb3 Qc1 36. Nxc1 bxc1=Q 37. Qd5
Qc2+ 38. Kg1 Qe2 39. Kh2 g6 40. Qd8+ Kg7 41. Qd4+ Kg8 42. Qf6 h5 43. e5 Qe1
44. f4 Qe4 45. Kh3 Qe2 46. Qg5 Qe1 47. Kh2 Qe2 48. g4 hxg4 49. Kg3 Qe1+ 50.
Kxg4 Qd1+ 51. Kg3 Qe1+ 52. Kh2 Qe2 53. Qd8+ Kg7 54. Qf6+ Kg8 55. Qg5 Qe3
56. Qg3 Qe2 57. Kh3 Kg7 58. Qg5 Qe3+ 59. Qg3 Qe2 60. Qg4 1-0

[Event "10th EICC"]
[Site "Budva MNE"]
[Date "2009.03.08"]
[Round "3"]
[White "Banusz,T"]
[Black "Plenkovic,Z"]
[Result "1-0"]
[WhiteElo "2501"]
[BlackElo "2354"]
[EventDate "2009.03.06"]

1. d4 Nf6 2. c4 g6 3. Nf3 Bg7 4. g3 O-O 5. Bg2 d6 6. Nc3 Nc6 7. O-O Bf5 8.
Ne1 Na5 9. e4 Bc8 10. Qe2 c5 11. dxc5 dxc5 12. e5 Ng4 13. Nf3 Nc6 14. Bf4
Nh6 15. Qe3 Nf5 16. Qxc5 Be6 17. Rad1 Qc8 18. Ng5 Nxe5 19. Nxe6 fxe6 20.
Na4 Nc6 21. Bxc6 bxc6 22. Rfe1 Nh4 23. Re4 e5 24. Be3 Nf3+ 25. Kg2 Qf5 26.
Nc3 g5 27. h3 Rab8 28. b3 Rf6 29. Qxe7 Rbf8 30. Qd7 Qg6 31. Bc5 R6f7 32.
Qd3 g4 33. hxg4 Rf4 34. Bxf8 Rxf8 35. Re3 e4 36. Qxe4 1-0

[Event "10th EICC"]
[Site "Budva MNE"]
[Date "2009.03.08"]
[Round "3"]
[White "Kontic,D"]
[Black "Antic,De"]
[Result "0-1"]
[WhiteElo "2369"]
[BlackElo "2495"]
[EventDate "2009.03.06"]

1. e4 e6 2. d4 d5 3. e5 c5 4. c3 Nc6 5. Nf3 Bd7 6. a3 c4 7. Nbd2 Na5 8. Be2
Ne7 9. O-O Nc8 10. Re1 Nb6 11. a4 a6 12. Qc2 Be7 13. Bd1 Qc7 14. Qb1 f5 15.
exf6 gxf6 16. Nf1 O-O-O 17. Ng3 Bd6 18. Nh5 e5 19. Nxf6 e4 20. Ne5 Bxe5 21.
dxe5 Qxe5 22. Nxd7 Nxd7 23. Be3 Rhg8 24. b4 Qxc3 25. Be2 Nc6 26. b5 Nce5
27. Rc1 Nf3+ 28. Kh1 Rxg2 29. Kxg2 Rg8+ 30. Kh1 Rg1+ 0-1

[Event "10th EICC"]
[Site "Budva MNE"]
[Date "2009.03.08"]
[Round "3"]
[White "Van Eijk,S"]
[Black "Ekstroem,R"]
[Result "0-1"]
[WhiteElo "2355"]
[BlackElo "2495"]
[EventDate "2009.03.06"]

1. e4 d5 2. exd5 Qxd5 3. Nc3 Qd6 4. d4 Nf6 5. Nf3 c6 6. Ne5 Nbd7 7. Nc4 Qc7
8. g3 Nb6 9. Bf4 Qd8 10. Ne5 g6 11. Qd2 Nfd5 12. Nxd5 Qxd5 13. f3 f6 14. c4
Qg8 15. Ng4 Nxc4 16. Bxc4 Qxc4 17. Ne3 Qa6 18. Kf2 Be6 19. Rac1 Bg7 20.
Rhe1 Rd8 21. Nc2 Bf7 22. Rxe7+ Kxe7 23. Qb4+ c5 24. Qxc5+ Rd6 25. Qc7+ Rd7
26. Nb4 Qb6 27. Re1+ Be6 28. Nd5+ Kf7 29. Qxd7+ Bxd7 30. Re7+ Kf8 31. Rxd7
Qxd4+ 32. Kg2 Qxb2+ 33. Kh3 h5 34. Nc7 Qxa2 35. Bd6+ Kg8 36. Re7 Qc4 37.
Kg2 Qc2+ 38. Kh3 Qd1 39. Ne6 Qf1+ 0-1

[Event "10th EICC"]
[Site "Budva MNE"]
[Date "2009.03.08"]
[Round "3"]
[White "Berend,F"]
[Black "Larino Nieto,D"]
[Result "0-1"]
[WhiteElo "2351"]
[BlackElo "2488"]
[EventDate "2009.03.06"]

1. e4 e6 2. d4 d5 3. Nd2 Nf6 4. e5 Nfd7 5. Bd3 c5 6. c3 Nc6 7. Ne2 cxd4 8.
cxd4 f6 9. exf6 Nxf6 10. O-O Bd6 11. Nf3 Qc7 12. Bg5 O-O 13. Bh4 Nh5 14.
Qc2 h6 15. Bh7+ Kh8 16. Bg6 Rxf3 17. Bxh5 Rf8 18. Bg3 e5 19. dxe5 Bxe5 20.
Rad1 Be6 21. Nd4 Bg8 22. Nxc6 bxc6 23. Rd2 Rad8 24. Qc5 Bxg3 25. hxg3 Rf5
26. Bf3 Re5 27. Rc1 d4 28. Qxc6 Qa5 29. Rcd1 Bd5 30. Bxd5 Rexd5 31. Qc4 Rc5
32. Qb3 Re5 33. a3 Re4 34. Qf3 Qe5 35. Rf1 Re8 36. Qd3 Rd8 37. Rdd1 a5 38.
b4 a4 39. Qa6 Re2 40. Rd3 Rc2 41. Qb6 Rd5 42. Qg6 Rd6 43. Qg4 Re2 44. Qf4
Qd5 45. Qf3 Re4 46. Qd1 Qc4 47. Qd2 Qe6 48. Qc2 Qe8 49. Qc5 Rd8 50. Qf5 Re5
51. Qf3 Qb5 52. Qd1 Re4 53. f3 Re6 54. g4 Qe5 55. Qd2 Qb8 56. Rd1 Qb6 57.
Qf2 Red6 58. Re1 Qb5 59. Qd2 Qc4 60. Re4 Rd5 61. Kf2 R5d6 62. Re5 Qc7 63.
Rh5 Qf7 64. Rh1 Kg8 65. Re1 Kh8 66. Re4 Qc4 67. Kg3 R6d7 68. Kh3 Rd5 69.
Qe2 Qb5 70. Kg3 Qb8+ 71. Kf2 R5d7 72. Re5 Rc8 73. f4 Qd6 74. Re8+ Rxe8 75.
Qxe8+ Kh7 76. Qe4+ Kg8 77. Kf3 Rd8 78. b5 Kh8 79. Qe5 Qb6 80. g5 hxg5 81.
Qxg5 Kg8 82. Qe5 Qb7+ 83. Kf2 Qb6 84. f5 Kf7 85. Kg3 Rd6 0-1

[Event "10th EICC"]
[Site "Budva MNE"]
[Date "2009.03.08"]
[Round "3"]
[White "Skoberne,J"]
[Black "Serov,M"]
[Result "1/2-1/2"]
[WhiteElo "2489"]
[BlackElo "2352"]
[EventDate "2009.03.06"]

1. c4 d6 2. d4 Nd7 3. Nc3 e5 4. Nf3 Ngf6 5. e4 Be7 6. Be2 O-O 7. O-O c6 8.
Be3 h6 9. Qc2 Nh7 10. Rad1 Bf6 11. dxe5 dxe5 12. c5 Ng5 13. b4 Nxf3+ 14.
Bxf3 Qc7 15. Na4 Rd8 16. Nb2 Nf8 17. Rxd8 Bxd8 18. Nc4 Bg5 19. Rd1 1/2-1/2

[Event "10th EICC"]
[Site "Budva MNE"]
[Date "2009.03.08"]
[Round "3"]
[White "Pesotsky,V"]
[Black "Vavrak,P"]
[Result "0-1"]
[WhiteElo "2343"]
[BlackElo "2488"]
[EventDate "2009.03.06"]

1. e4 c5 2. Nf3 d6 3. d4 cxd4 4. Nxd4 Nf6 5. Nc3 a6 6. Be2 e5 7. Nb3 Be7 8.
O-O Be6 9. Be3 Nbd7 10. a4 Rc8 11. a5 Rxc3 12. bxc3 Nxe4 13. Bf3 Nxc3 14.
Qd2 Qc8 15. Bxb7 Qxb7 16. Qxc3 O-O 17. Ra4 d5 18. Bb6 d4 19. Qd2 Rc8 20.
Re1 h6 21. f4 Nxb6 22. axb6 Qxb6 23. Kh1 Qb5 24. Ra5 Bb4 25. Rxb5 Bxd2 26.
Rbxe5 Bxe1 27. Rxe1 Bxb3 28. cxb3 d3 29. Rd1 d2 0-1

[Event "10th EICC"]
[Site "Budva MNE"]
[Date "2009.03.08"]
[Round "3"]
[White "Chirila,I"]
[Black "Anton,T"]
[Result "1-0"]
[WhiteElo "2485"]
[BlackElo "2350"]
[EventDate "2009.03.06"]

1. e4 e5 2. Nf3 Nc6 3. Bb5 a6 4. Ba4 Nf6 5. O-O b5 6. Bb3 Bc5 7. a4 Rb8 8.
c3 d6 9. d4 Bb6 10. axb5 axb5 11. Na3 O-O 12. Nxb5 exd4 13. cxd4 Bg4 14.
Be3 Nxe4 15. Qc2 Qe8 16. Ba4 Bd7 17. Nc3 Nxc3 18. bxc3 Ne7 19. c4 Bxa4 20.
Rxa4 Nf5 21. Ra3 Nxe3 22. Rxe3 Qc6 23. Ng5 g6 24. Qd3 Qd7 25. Rfe1 Qg4 26.
Nf3 c5 27. h3 Qf4 28. d5 Bd8 29. g3 Qh6 30. Kg2 Bf6 31. Nd2 Bd4 32. Re7 Rb2
33. R1e2 Rfb8 34. Rd7 Kg7 35. Qf3 Rf8 36. Ne4 Rb1 37. Nxd6 Bf6 38. Re3 Rb2
39. Re6 1-0

[Event "10th EICC"]
[Site "Budva MNE"]
[Date "2009.03.08"]
[Round "3"]
[White "Bonte,An"]
[Black "Levin,Ev"]
[Result "0-1"]
[WhiteElo "2335"]
[BlackElo "2484"]
[EventDate "2009.03.06"]

1. d4 Nf6 2. Nf3 g6 3. Bg5 Bg7 4. Nbd2 d6 5. c3 h6 6. Bxf6 Bxf6 7. e4 Nd7
8. Bc4 e5 9. dxe5 dxe5 10. O-O O-O 11. Qc2 Qe7 12. Rfe1 a5 13. a4 Nc5 14.
Bf1 Bd7 15. Nc4 Bc6 16. b4 axb4 17. cxb4 Bxa4 18. Qc3 Ne6 19. Na5 b5 20.
Nc6 Qd6 21. Ra2 Nd4 22. Nfxd4 exd4 23. Qc1 Rfe8 24. e5 Bxe5 25. Nxe5 Rxe5
26. Rxe5 Qxe5 27. Qxh6 Rd8 28. Re2 Qd5 29. f3 d3 30. Re4 d2 31. Rh4 Qe5 32.
Qh7+ Kf8 33. Re4 Qxe4 34. fxe4 d1=Q 35. Qh8+ Ke7 36. Qh4+ Ke8 37. Qh8+ Kd7
0-1

[Event "10th EICC"]
[Site "Budva MNE"]
[Date "2009.03.08"]
[Round "3"]
[White "Nikolov,Mo"]
[Black "Aleskerov,F"]
[Result "1-0"]
[WhiteElo "2478"]
[BlackElo "2340"]
[EventDate "2009.03.06"]

1. d4 d5 2. Nf3 Nf6 3. c4 e6 4. Nc3 c6 5. Bg5 Nbd7 6. cxd5 exd5 7. e3 Qa5
8. Qc2 Ne4 9. Bd3 Nxg5 10. Nxg5 h6 11. Nf3 Bd6 12. O-O O-O 13. Rae1 Qd8 14.
a3 Re8 15. e4 dxe4 16. Nxe4 Bc7 17. Bc4 Nf8 18. Qb3 Re7 19. Nc5 b6 20. Rxe7
Qxe7 21. Re1 Qf6 22. Ne4 Qf5 23. Ng3 Bxg3 24. hxg3 Be6 25. Qc3 c5 26. d5
Bxd5 27. g4 Qd7 28. Rd1 Qxg4 29. Bxd5 Re8 30. Re1 Rd8 31. Bxf7+ 1-0

[Event "10th EICC"]
[Site "Budva MNE"]
[Date "2009.03.08"]
[Round "3"]
[White "Arsovic,Z"]
[Black "Pantic,I"]
[Result "1-0"]
[WhiteElo "2475"]
[BlackElo "2193"]
[EventDate "2009.03.06"]

1. Nf3 c5 2. c4 Nf6 3. Nc3 e6 4. e3 b6 5. d4 cxd4 6. exd4 Be7 7. Bd3 O-O 8.
O-O Ba6 9. Bg5 Nc6 10. d5 exd5 11. cxd5 Bxd3 12. Qxd3 Nb4 13. Qd2 Ne8 14.
Bxe7 Qxe7 15. Rfe1 Qd8 16. Ne4 a5 17. a3 Na6 18. Qd4 f5 19. Ned2 Nd6 20.
Nc4 Nxc4 21. Qxc4 Qc7 22. Ne5 Qd6 23. Qb5 Rfd8 24. Nc4 Qc5 25. Qxc5 Nxc5
26. Nxb6 Rab8 27. Nc4 Nd3 28. Re2 Rb5 29. Rd1 Nf4 30. Red2 Rc5 31. Nd6 Rf8
32. b4 Rc3 33. g3 Ng6 34. Rd3 axb4 35. axb4 Rc2 36. R3d2 Rc3 37. Rb2 Ne7
38. Nb5 Rc4 39. Nd6 Rc3 40. b5 Rc5 41. b6 Rxd5 42. Rxd5 Nxd5 43. b7 Rb8 44.
Rc2 Ne7 45. Rc8+ Rxc8 1-0

[Event "10th EICC"]
[Site "Budva MNE"]
[Date "2009.03.08"]
[Round "3"]
[White "Wieczorek,O"]
[Black "Swiercz,D"]
[Result "0-1"]
[WhiteElo "2265"]
[BlackElo "2472"]
[EventDate "2009.03.06"]

1. e4 c5 2. Nf3 e6 3. d4 cxd4 4. Nxd4 a6 5. Nc3 Qc7 6. g3 Bb4 7. Bd2 Nf6 8.
Bg2 Nc6 9. Nb3 Be7 10. f4 d6 11. O-O b5 12. a3 Bb7 13. Qe2 h5 14. h3 Rc8
15. Be3 Nd7 16. Rad1 Nb6 17. Kh1 Nc4 18. Bc1 Bf6 19. Rf3 Ne7 20. Rfd3 Ng6
21. h4 Ne7 22. Nd2 O-O 23. Qxh5 Rfd8 24. Nxc4 bxc4 25. R3d2 d5 26. e5 Nf5
27. Kh2 Be7 28. Qf3 Rb8 29. Qe2 d4 30. Ne4 d3 31. cxd3 Nd4 32. Qg4 Ne2 0-1

[Event "10th EICC"]
[Site "Budva MNE"]
[Date "2009.03.08"]
[Round "3"]
[White "Kadric,D"]
[Black "Can,E"]
[Result "0-1"]
[WhiteElo "1982"]
[BlackElo "2471"]
[EventDate "2009.03.06"]

1. e4 c5 2. Nf3 Nc6 3. d4 cxd4 4. Nxd4 g6 5. c4 Bg7 6. Be3 Nf6 7. Nc3 Ng4
8. Qxg4 Nxd4 9. Qd1 e5 10. Bd3 O-O 11. O-O d6 12. a4 a6 13. a5 Be6 14. Nd5
Qh4 15. f3 Rac8 16. Qe1 Qxe1 17. Rfxe1 Nc6 18. Ra3 f5 19. Bd2 Rf7 20. b4
Nd4 21. Bc3 fxe4 22. fxe4 Bh6 23. Raa1 Bg5 24. Rf1 Bxd5 25. exd5 Nf5 26. g4
Ne3 27. Rxf7 Kxf7 28. Bd2 e4 29. Bf1 Bf6 30. Rc1 Bd4 31. Kh1 Nxg4 32. Bh3
Nf2+ 33. Kg2 Nxh3 34. Kxh3 Kf6 35. Kg4 h5+ 36. Kh3 e3 37. Be1 Kf5 38. Bg3
Be5 39. Be1 Ke4 40. Kg2 Kd3 41. c5 Bb2 42. Rb1 Kc2 43. Rxb2+ Kxb2 44. cxd6
Rd8 45. Kf3 Rxd6 46. Ke4 Kc2 47. Ke5 Rd8 48. d6 Kd1 49. Bh4 0-1

[Event "10th EICC"]
[Site "Budva MNE"]
[Date "2009.03.08"]
[Round "3"]
[White "Todorovic,GM"]
[Black "Simic,V"]
[Result "1-0"]
[WhiteElo "2471"]
[BlackElo "2064"]
[EventDate "2009.03.06"]

1. e4 c5 2. Nf3 d6 3. d4 cxd4 4. Nxd4 Nf6 5. Nc3 a6 6. f4 e5 7. Nf3 Nbd7 8.
Bd3 Be7 9. O-O O-O 10. Kh1 b5 11. Qe1 Qc7 12. a3 Nb6 13. fxe5 dxe5 14. Qg3
Nc4 15. b3 Nh5 16. Qe1 Nb6 17. a4 b4 18. a5 bxc3 19. axb6 Qxb6 20. Nxe5 Be6
21. Nc4 Bxc4 22. Bxc4 Nf6 23. e5 Ne8 24. Qxc3 Bb4 25. Qf3 Nc7 26. c3 Be7
27. Be3 Bc5 28. Bxc5 Qxc5 29. Bxf7+ Kh8 30. Qe4 Nb5 31. c4 Nc3 32. Qe1 Qd4
33. e6 Ne4 34. Rf4 1-0

[Event "10th EICC"]
[Site "Budva MNE"]
[Date "2009.03.08"]
[Round "3"]
[White "Masic,P"]
[Black "Beliavsky,A"]
[Result "0-1"]
[WhiteElo "2371"]
[BlackElo "2646"]
[EventDate "2009.03.06"]

1. e4 e5 2. Nf3 Nc6 3. Bc4 Nf6 4. d3 Be7 5. O-O O-O 6. Re1 d6 7. a4 Nd4 8.
c3 Nxf3+ 9. Qxf3 Be6 10. Nd2 Qd7 11. h3 c6 12. Qe2 h6 13. Nf3 Rfe8 14. Bxe6
Qxe6 15. Nh4 Bf8 16. Nf5 d5 17. Qf3 Rad8 18. Be3 c5 19. Qg3 dxe4 20. dxe4
Nxe4 21. Qg4 Nd6 22. Nxh6+ Kh7 23. Qxe6 Rxe6 24. Ng4 Nc4 25. Bc1 e4 26. Ne3
Ne5 27. a5 g6 28. Ra4 f5 29. Nc4 Nd3 30. Bg5 Rd5 31. Re2 Bh6 32. Bxh6 Kxh6
33. Ra1 Nf4 34. Ree1 b5 35. axb6 axb6 36. Rad1 Rxd1 37. Rxd1 Nd3 38. Rd2 b5
39. Na3 b4 40. cxb4 cxb4 41. Nc4 Ra6 42. f3 Kg5 43. fxe4 fxe4 44. Re2 Kf4
45. Re3 Rc6 46. g3+ Kf5 0-1

[Event "10th EICC"]
[Site "Budva MNE"]
[Date "2009.03.08"]
[Round "3"]
[White "Porat,I"]
[Black "Svetushkin,D"]
[Result "1/2-1/2"]
[WhiteElo "2353"]
[BlackElo "2593"]
[EventDate "2009.03.06"]

1. d4 d5 2. c4 c6 3. Nf3 Nf6 4. Nc3 dxc4 5. a4 Bf5 6. e3 e6 7. Bxc4 Bb4 8.
O-O O-O 9. Qe2 Bg4 10. h3 Bh5 11. Rd1 Nbd7 12. e4 Qe7 13. Bf4 h6 14. Na2
Ba5 15. Rab1 Bxf3 16. Qxf3 e5 17. Be3 exd4 18. Qf5 Bd8 19. Rxd4 Bb6 1/2-1/2

[Event "10th EICC"]
[Site "Budva MNE"]
[Date "2009.03.08"]
[Round "3"]
[White "Sekulic,D"]
[Black "Doric,D"]
[Result "0-1"]
[WhiteElo "2316"]
[BlackElo "2477"]
[EventDate "2009.03.06"]

1. d4 Nf6 2. Nf3 e6 3. c4 b6 4. a3 Bb7 5. Nc3 d5 6. Bg5 Nbd7 7. cxd5 exd5
8. Qa4 a6 9. Bxf6 Qxf6 10. Ne5 Qe6 11. Qxd7+ Qxd7 12. Nxd7 Kxd7 13. g3 Re8
14. Bg2 Kd6 15. O-O f5 16. e3 g5 17. f4 gxf4 18. exf4 Bg7 19. Rad1 Re7 20.
Rd3 Rhe8 21. Rfd1 Re1+ 22. Kf2 Rxd1 23. Rxd1 c5 24. Ne2 c4 25. Ng1 b5 26.
Nf3 a5 27. Ne5 Ra8 28. Ke3 0-1

[Event "10th EICC"]
[Site "Budva MNE"]
[Date "2009.03.08"]
[Round "3"]
[White "Sofronie,I"]
[Black "Sidorenko,I"]
[Result "1/2-1/2"]
[WhiteElo "2471"]
[BlackElo "2370"]
[EventDate "2009.03.06"]

1. e4 c5 2. Nf3 d6 3. Bc4 e6 4. Qe2 Be7 5. Bb3 Nc6 6. c3 Nf6 7. d4 cxd4 8.
cxd4 d5 9. e5 Ne4 10. O-O Qb6 11. Rd1 Bd7 12. Nc3 Nxc3 13. bxc3 Na5 14. Bc2
Rc8 15. Bd3 Rxc3 16. Bd2 Ra3 17. Rab1 Qc7 18. Bc1 Ra4 19. h4 Nc6 20. Qc2
Qa5 21. Rxb7 Rxa2 22. Bb2 Nb4 23. Qb1 Nxd3 24. Qxd3 Bc8 25. Bc3 Qa6 26.
Rxe7+ Kxe7 27. Qe3 h6 28. Bb4+ Ke8 29. Nd2 Qa4 30. Rc1 Ra1 31. Qc3 Rxc1+
32. Qxc1 Qd7 33. Nb3 f6 34. exf6 gxf6 35. Qf4 Kf7 36. Nc5 Qc6 37. Nd3 Qc2
38. Ne5+ Kg7 39. Be7 Qb1+ 40. Kh2 Qf5 41. Qg3+ Kh7 42. Ng4 Rg8 43. f3 h5
44. Nxf6+ Qxf6 45. Qxg8+ Kxg8 46. Bxf6 Kf7 47. Bd8 1/2-1/2

[Event "10th EICC"]
[Site "Budva MNE"]
[Date "2009.03.08"]
[Round "3"]
[White "Stojanovic,Da"]
[Black "Pavlidis,Ant"]
[Result "1/2-1/2"]
[WhiteElo "2469"]
[BlackElo "2278"]
[EventDate "2009.03.06"]

1. e4 c5 2. Nf3 Nc6 3. Bb5 Qc7 4. O-O a6 5. Bxc6 dxc6 6. h3 e5 7. d3 Nf6 8.
a4 h6 9. b3 Be6 10. Bb2 Nd7 11. a5 Be7 12. Nbd2 O-O-O 13. Nc4 Bf6 14. Nfd2
g5 15. Ne3 h5 16. Nf5 Bxf5 17. exf5 e4 18. d4 g4 19. h4 Rhe8 20. Nc4 cxd4
21. Bxd4 Ne5 22. Nxe5 Rxe5 23. Bxe5 Rxd1 24. Bxc7 Rxa1 25. Rxa1 Bxa1 26.
Bb6 Kd7 27. Bc5 Bf6 28. g3 Be7 29. Bd4 Bb4 30. Kf1 Kd6 31. Ke2 Kd5 32. Bg7
Bxa5 33. c4+ Kd6 34. Ke3 Bb6+ 35. Kxe4 Bxf2 36. Kf4 Ke7 37. Kg5 Bxg3 38.
Kxh5 f6 39. Kxg4 Bd6 40. Bh6 Bb4 41. Kf3 b5 42. cxb5 cxb5 43. Ke4 a5 44.
Kd4 a4 45. bxa4 bxa4 46. Kc4 Bd6 47. Bc1 Kf7 48. h5 Kg7 49. Bd2 a3 50. Kb3
Kh7 51. Be3 Kg7 52. Bd2 Kh7 1/2-1/2

[Event "10th EICC"]
[Site "Budva MNE"]
[Date "2009.03.08"]
[Round "3"]
[White "Papadopoulos,I"]
[Black "Franciskovic,B"]
[Result "1-0"]
[WhiteElo "2455"]
[BlackElo "2260"]
[EventDate "2009.03.06"]

1. e4 c6 2. d4 d5 3. Nc3 dxe4 4. Nxe4 Bf5 5. Ng3 Bg6 6. h4 h6 7. Nf3 Nd7 8.
h5 Bh7 9. Bd3 Bxd3 10. Qxd3 e6 11. Bd2 Ngf6 12. O-O-O Be7 13. Ne4 O-O 14.
Kb1 c5 15. Be3 Qc7 16. dxc5 Rfd8 17. Nxf6+ Nxf6 18. Qc4 Nd5 19. Bd4 Rac8
20. c3 Bxc5 21. Qxc5 Qxc5 22. Bxc5 Rxc5 23. Rd4 Rdc8 24. Re1 Nf6 25. g4 Rc4
26. Rxc4 Rxc4 27. Ne5 Re4 28. Rxe4 Nxe4 29. f3 Ng5 30. Kc2 f6 31. f4 Ne4
32. Nc4 Kf8 33. Ne3 Ke7 34. Kd3 Nf2+ 35. Kd4 Kd6 36. a4 b6 37. b4 Nh3 38.
Nc4+ Kc6 39. b5+ Kd7 40. Ke3 Kc7 41. Kf3 Ng1+ 42. Kf2 Nh3+ 43. Ke3 Ng1 44.
Nb2 Kd6 45. Nd3 Kd5 46. Nb4+ Kc4 47. Nc6 Kxc3 48. a5 Kc4 49. Nxa7 Kc5 50.
a6 Kd6 51. Nc6 Kc7 52. Nd8 1-0

[Event "10th EICC"]
[Site "Budva MNE"]
[Date "2009.03.08"]
[Round "3"]
[White "Schartz,A"]
[Black "Smirnov,Arte"]
[Result "0-1"]
[WhiteElo "2202"]
[BlackElo "2449"]
[EventDate "2009.03.06"]

1. e4 c5 2. Nc3 Nc6 3. g3 g6 4. Bg2 Bg7 5. d3 d6 6. f4 e6 7. Nf3 Nge7 8.
O-O O-O 9. Be3 b6 10. d4 Bb7 11. dxc5 dxc5 12. Qe1 Ba6 13. Rf2 Qc7 14. g4
Rad8 15. e5 Nb4 16. Ne4 Ned5 17. Bc1 f5 18. gxf5 exf5 19. Nd6 Ne7 20. a3
Nbc6 21. Ng5 Nd4 22. Bf1 Bxf1 23. Qxf1 Rxd6 24. exd6 Qxd6 25. Qc4+ Qd5 26.
Qxd5+ Nxd5 27. c4 Nf6 28. Kf1 Ng4 29. Rg2 h6 30. h3 Nf6 0-1